| 000 | 01299nam0a22003251 4500 | ||
|---|---|---|---|
| 001 | rc\3822190 | ||
| 005 | 20120410182233.8 | ||
| 021 |
_aRU _b[76-82817] |
||
| 035 | _a(NLR Aleph) 007276293 | ||
| 090 |
_a5462438 _c5462438 |
||
| 100 | _a20120410d1976 |||y0rusy50 ca | ||
| 101 | 1 |
_arus _ceng |
|
| 102 |
_aRU _aRU |
||
| 105 | _aa z ||||| | ||
| 200 | 1 |
_aЭлектрические аспекты горения _fЛаутон Дж. и Вайнберг Ф. _gПер. с англ. канд. физ.-мат. наук Н.М. Венцель [и др.] |
|
| 210 |
_aМосква _cЭнергия _d1976 |
||
| 215 |
_a294 с. _cил. _d25 |
||
| 311 | _aПеревод изд.: Electrical aspects of combustion / James Lawton and Felix J. Weinberg (Oxford) | ||
| 320 | _aСписок лит.: с. 279-291 | ||
| 454 | 0 |
_12001#$aElectrical aspects of combustion$fJames Lawton and Felix J. Weinberg _1210##$aOxford _1700#1$aLawton$bJ.$gJames _1701#1$aWeinberg$bF.J.$gFelix J. |
|
| 606 |
_aГорение, теория _2psbo |
||
| 606 |
_aПламя _xИонизация _2psbo |
||
| 700 | 1 |
_aЛаутон _bДж. |
|
| 701 | 1 |
_aВайнберг _bФ. |
|
| 702 | 1 |
_aВенцель _bН. М. _4730 |
|
| 801 | 0 |
_aRU _bNLR _gpsbo |
|
| 801 | 1 |
_aRU _bELAR _2rusmarc |
|
| 852 |
_aNLR _j77-7/718 |
||
| 942 | _cBOOK | ||
| 980 | _aNB | ||